00557nam a2200145Ia 4500008004100000040001800041041000800059100002900067245004800096260005900144300002100203490008900224650004000313651005800353130821s1958 enk gr eng  aCo-BoUCMbspa00aeng1 aAcheson, Deand1893-197110aPower and diplomacycDean Gooderham Acheson aCambridge (Inglaterra)bHarvard University Pressc1958 ax, 137 páginas 4aThe William L. Clayton Lectures on International Economic Affairs and Foreign Policy04aPolítica internacionaly1955-1965 7aEstados UnidosbRelaciones internacionalesy1945-1989